[Event "XIV MIEDZYNARODOWY FESTIWAL SZACHOWY PER"]
[Site "LAZY"]
[Date "2018.06.25"]
[Round "2.2"]
[White "Jarocka, Liwia"]
[Black "Chomczyk, Marek"]
[Result "1/2-1/2"]
[WhiteElo "1984"]
[BlackElo "2247"]
[PlyCount "51"]
[EventDate "2018.??.??"]

1. e4 e5 2. Nf3 Nc6 3. Bb5 a6 4. Ba4 Nf6 5. O-O Be7 6. Re1 b5 7. Bb3 O-O 8. a4
Bb7 9. Nc3 Nd4 10. Nxd4 exd4 11. Nd5 Nxd5 12. Bxd5 Bxd5 13. exd5 Bd6 14. d3 Qh4
15. g3 Qh3 16. Qf3 f5 17. Bf4 Bxf4 18. Qxf4 Rf6 19. f3 b4 20. Re2 Qh5 21. Rae1
Rd6 22. Qxd4 Qxf3 23. Re8+ Rxe8 24. Rxe8+ Kf7 25. Re7+ Kxe7 26. Qxg7+ 1/2-1/2

[Event "XIV MIEDZYNARODOWY FESTIWAL SZACHOWY PER"]
[Site "LAZY"]
[Date "2018.06.25"]
[Round "2.3"]
[White "Stachanczyk, Jacek"]
[Black "Cieslak, Wiktoria"]
[Result "0-1"]
[WhiteElo "2223"]
[BlackElo "1931"]
[PlyCount "114"]
[EventDate "2018.??.??"]

1. e4 c5 2. Nc3 e6 3. Nf3 Be7 4. d4 cxd4 5. Nxd4 a6 6. Be3 d6 7. g4 Nd7 8. Qe2
Qc7 9. O-O-O b5 10. Bg2 Bb7 11. f4 Rc8 12. a3 Nb6 13. Bf2 Nc4 14. Be1 Nf6 15.
g5 Nd7 16. h4 Nc5 17. Ndxb5 axb5 18. Nxb5 Qb6 19. Qxc4 Ba6 20. Bf1 O-O 21. a4
Nxe4 22. Qxe4 Bb7 23. Qe2 Bxh1 24. f5 Qc5 25. fxe6 Bf3 26. Qd3 Bxd1 27. Qxd1
fxe6 28. Bd3 Rf4 29. Qe2 e5 30. b3 Qg1 31. Kb2 Rcf8 32. Bxh7+ Kf7 33. Qd3 Ke6
34. Ba5 Qc5 35. Nc7+ Kd7 36. Qh3+ Kc6 37. Qh1+ d5 38. Nb5 Qe3 39. Qd1 Rf1 40.
Qd2 Qxd2 41. Bxd2 e4 42. Nd4+ Kd7 43. Bg6 Bd6 44. Bh5 Be5 45. Bc3 R8f4 46. Be2
Bxd4 47. Bxd4 Rh1 48. Bb5+ Kd6 49. a5 Rf8 50. Bxg7 Rb8 51. c4 e3 52. Bd4 Rxb5
53. cxb5 e2 54. Bf2 e1=Q 55. Bxe1 Rxe1 56. g6 Rh1 57. Kc3 Rh3+ 0-1

[Event "XIV MIEDZYNARODOWY FESTIWAL SZACHOWY PER"]
[Site "LAZY"]
[Date "2018.06.25"]
[Round "2.4"]
[White "Krzywnicka, Maria"]
[Black "Wisniewski, Michal"]
[Result "0-1"]
[WhiteElo "1845"]
[BlackElo "2204"]
[PlyCount "114"]
[EventDate "2018.??.??"]

1. e4 d6 2. d4 Nf6 3. Nc3 g6 4. f4 Bg7 5. Nf3 O-O 6. Bd3 Na6 7. e5 Nd7 8. O-O
c5 9. exd6 cxd4 10. dxe7 Qxe7 11. Ne2 Qc5 12. Bxa6 d3+ 13. Kh1 dxc2 14. Qd3
bxa6 15. Nc3 Nb6 16. Qxc2 Bf5 17. Qf2 Qxf2 18. Rxf2 Nc4 19. Nh4 Rfe8 20. Rf1
Bd3 21. Rd1 f5 22. h3 Be4 23. Nf3 Bxf3 24. gxf3 Rab8 25. a4 Rbd8 26. Rxd8 Rxd8
27. a5 Bxc3 28. bxc3 Rd3 29. Ba3 Nxa3 30. Rxa3 Rxf3 31. Rb3 Rxf4 32. Rb8+ Kg7
33. Rb7+ Kh6 34. Rxa7 Rc4 35. Rxa6 Rxc3 36. Kg2 Kg5 37. Rb6 Ra3 38. a6 Ra4 39.
Rb7 Rxa6 40. Rxh7 Ra2+ 41. Kf3 Ra3+ 42. Kg2 Kf4 43. Rh4+ Ke3 44. Rh8 Ra2+ 45.
Kg3 f4+ 46. Kh4 f3 47. Re8+ Kf2 48. Rg8 Ra4+ 49. Kg5 Kg3 50. Rxg6 Ra5+ 51. Kh6+
Kxh3 52. Rf6 Kg2 53. Rg6+ Kf1 54. Rf6 f2 55. Re6 Ra1 56. Rg6 Ke2 57. Re6+ Kd3
0-1

[Event "XIV MIEDZYNARODOWY FESTIWAL SZACHOWY PER"]
[Site "LAZY"]
[Date "2018.06.25"]
[Round "2.5"]
[White "Hasterok, Mateusz"]
[Black "Garbowski, Jakub"]
[Result "1/2-1/2"]
[WhiteElo "1837"]
[BlackElo "2138"]
[PlyCount "52"]
[EventDate "2018.??.??"]

1. d4 Nf6 2. c4 g6 3. Nc3 d5 4. Nf3 Bg7 5. Qb3 dxc4 6. Qxc4 O-O 7. e4 Nc6 8.
Be2 e5 9. d5 Nd4 10. O-O Re8 11. Bg5 h6 12. Bh4 Bd7 13. Nxd4 exd4 14. Qxd4 Nxe4
15. Qxe4 Rxe4 16. Bxd8 Bxc3 17. Bd3 Rd4 18. bxc3 Rxd3 19. Bxc7 Rxd5 20. Rfd1
Be6 21. Rxd5 Bxd5 22. a3 Re8 23. Bf4 Kg7 24. Be3 a6 25. h4 Re4 26. g3 h5
1/2-1/2

[Event "XIV MIEDZYNARODOWY FESTIWAL SZACHOWY PER"]
[Site "LAZY"]
[Date "2018.06.25"]
[Round "2.6"]
[White "Sypien, Natan"]
[Black "Krainski, Slawomir"]
[Result "1/2-1/2"]
[WhiteElo "1774"]
[BlackElo "2136"]
[PlyCount "56"]
[EventDate "2018.??.??"]

1. d4 d5 2. c4 e6 3. Nc3 Nf6 4. Bg5 Be7 5. e3 Nbd7 6. Nf3 h6 7. Bh4 O-O 8. Rc1
c5 9. cxd5 cxd4 10. Qxd4 Nxd5 11. Nxd5 Bxh4 12. Qxh4 Qxh4 13. Nxh4 exd5 14. Nf3
Nf6 15. Rc7 Bf5 16. Nd4 Bb1 17. a3 Rfc8 18. Rxc8+ Rxc8 19. f3 Bd3 20. Kd2 Bxf1
21. Rxf1 g6 22. Rc1 Rxc1 23. Kxc1 a6 24. Kc2 Kf8 25. Nb3 b6 26. Kc3 Ke7 27. Kd4
Kd6 28. Nc1 Nd7 1/2-1/2

[Event "XIV MIEDZYNARODOWY FESTIWAL SZACHOWY PER"]
[Site "LAZY"]
[Date "2018.06.25"]
[Round "2.7"]
[White "Klepek, Witold"]
[Black "Kruczynski, Marek"]
[Result "1-0"]
[WhiteElo "2132"]
[BlackElo "1731"]
[PlyCount "57"]
[EventDate "2018.??.??"]

1. e4 b6 2. d4 Bb7 3. Bd3 Nf6 4. Qe2 Nc6 5. c3 e5 6. d5 Ne7 7. Bg5 Ng6 8. Nf3
Be7 9. Nbd2 O-O 10. Nf1 Nxd5 11. Bxe7 Ndxe7 12. g3 d5 13. O-O-O d4 14. h4 Nc6
15. Bc4 Na5 16. h5 Nxc4 17. hxg6 b5 18. b3 Nd6 19. Nxe5 h6 20. gxf7+ Nxf7 21.
Nxf7 Rxf7 22. Rxd4 Qf6 23. Rh2 c5 24. Rd3 Re8 25. Nd2 c4 26. bxc4 bxc4 27. Rf3
Qe6 28. Rxf7 Kxf7 29. Qxc4 1-0

[Event "XIV MIEDZYNARODOWY FESTIWAL SZACHOWY PER"]
[Site "LAZY"]
[Date "2018.06.25"]
[Round "2.8"]
[White "Wojdak, Jan"]
[Black "Luba, Lukasz"]
[Result "0-1"]
[WhiteElo "1712"]
[BlackElo "2094"]
[PlyCount "66"]
[EventDate "2018.??.??"]

1. e4 c6 2. d4 d5 3. Nc3 dxe4 4. Nxe4 Bf5 5. Ng3 Bg6 6. h4 h6 7. f4 Nf6 8. Nf3
e6 9. h5 Bh7 10. Bd3 Be7 11. Bxh7 Nxh7 12. c4 Nd7 13. Qc2 Nhf6 14. Bd2 Ng4 15.
Ne4 f5 16. Nc3 O-O 17. Qb3 c5 18. d5 e5 19. fxe5 Ndxe5 20. Ne2 b5 21. Nxe5 Nxe5
22. Qg3 Nxc4 23. Bxh6 Rf7 24. O-O-O Bf6 25. b3 Nd6 26. Nf4 Ne4 27. Qg6 Qa5 28.
Rd3 c4 29. Bxg7 Rxg7 30. Qxf5 cxd3 31. Qxe4 Qc3+ 32. Kd1 Qc2+ 33. Ke1 d2+ 0-1

[Event "XIV MIEDZYNARODOWY FESTIWAL SZACHOWY PER"]
[Site "LAZY"]
[Date "2018.06.25"]
[Round "2.9"]
[White "Rogala, Milosz"]
[Black "Majek, Kacper"]
[Result "0-1"]
[WhiteElo "1707"]
[BlackElo "2034"]
[PlyCount "72"]
[EventDate "2018.??.??"]

1. e4 e5 2. Nf3 Nc6 3. d4 exd4 4. Nxd4 Bc5 5. Be3 Qf6 6. c3 Nge7 7. Bc4 Ne5 8.
Be2 Qg6 9. O-O d6 10. f3 O-O 11. Nd2 f5 12. f4 N5c6 13. exf5 Nxf5 14. Nxf5 Qxf5
15. Bc4+ Kh8 16. Bxc5 Qxc5+ 17. Kh1 Bf5 18. b4 Qe3 19. Rf3 Qe7 20. Qf1 Rae8 21.
Qf2 Qf6 22. h3 Nxb4 23. Rf1 Nc6 24. g4 Bc2 25. g5 Qf5 26. Qh2 Re7 27. R3f2 Re3
28. Rf3 Be4 29. Qg3 Bxf3+ 30. Nxf3 Qxf4 31. Qxf4 Rxf4 32. Bd5 Rxc3 33. Re1 Rf8
34. Kg2 Ne5 35. Nxe5 dxe5 36. Rxe5 Rc5 0-1

[Event "XIV MIEDZYNARODOWY FESTIWAL SZACHOWY PER"]
[Site "LAZY"]
[Date "2018.06.25"]
[Round "2.10"]
[White "Kot, Jerzy"]
[Black "Zabron, Maksym"]
[Result "1-0"]
[WhiteElo "2028"]
[BlackElo "1694"]
[PlyCount "133"]
[EventDate "2018.??.??"]

1. g3 d5 2. Bg2 e5 3. Nf3 e4 4. Nd4 c5 5. Nb3 Nf6 6. d3 exd3 7. cxd3 b6 8. O-O
Bd6 9. Bg5 Bb7 10. Nc3 Be7 11. d4 c4 12. Nd2 Qd7 13. b3 b5 14. bxc4 bxc4 15.
Rb1 Bc6 16. e4 dxe4 17. Nxc4 O-O 18. Ne5 Qc7 19. Bf4 Qa5 20. Nxc6 Nxc6 21. Nxe4
Rac8 22. Nxf6+ Bxf6 23. d5 Rfd8 24. Bh3 Rxd5 25. Bxc8 Rxd1 26. Rfxd1 g5 27. Be3
Qxa2 28. Bb7 Nd4 29. Kg2 Nf5 30. Bc5 Kg7 31. Be4 Qe6 32. Bd5 Qe2 33. Bf3 Qc2
34. Bxa7 Nd4 35. Rbc1 Qa4 36. Bxd4 Bxd4 37. Rc7 Be5 38. Rcd7 Kg6 39. h3 h5 40.
Bd5 f6 41. Rd2 h4 42. g4 Qf4 43. Kf1 f5 44. Be6 fxg4 45. Bxg4 Qe4 46. R2d3 Qh1+
47. Ke2 Qe4+ 48. Re3 Qc4+ 49. Kd1 Qa4+ 50. Ke1 Qa1+ 51. Rd1 Qb2 52. Kf1 Qb5+
53. Kg2 Qc6+ 54. Bf3 Qc7 55. Rd5 Bf6 56. Re6 Kg7 57. Rdd6 Be7 58. Ra6 Kf8 59.
Ra8+ Kf7 60. Rc6 Qe5 61. Ra7 Kg8 62. Rc8+ Kf7 63. Rcc7 Kf6 64. Rxe7 Qc5 65.
Rec7 Qe5 66. Rc6+ Kf5 67. Bg4+ 1-0

[Event "XIV MIEDZYNARODOWY FESTIWAL SZACHOWY PER"]
[Site "LAZY"]
[Date "2018.06.25"]
[Round "2.11"]
[White "Daliga, Anita"]
[Black "Hilarecki, Grzegorz"]
[Result "0-1"]
[WhiteElo "1605"]
[BlackElo "2023"]
[PlyCount "64"]
[EventDate "2018.??.??"]

1. e4 d6 2. d4 Nf6 3. Nc3 g6 4. g3 Bg7 5. Bg2 O-O 6. Nf3 c6 7. h3 b5 8. Nh2 b4
9. Ne2 Bb7 10. Ng4 Nbd7 11. Bh6 Qa5 12. Qd2 Ba6 13. Bxg7 Kxg7 14. f4 Rac8 15.
Nxf6 exf6 16. g4 c5 17. h4 Bxe2 18. Kxe2 cxd4 19. g5 Rfe8 20. h5 Qc5 21. Rac1
fxg5 22. hxg6 fxg6 23. Rh3 gxf4 24. Qxf4 Nf6 25. Qh4 Qe5 26. Kd3 d5 27. Re1 h5
28. Qg3 dxe4+ 29. Bxe4 Qb5+ 30. Kd2 Nxe4+ 31. Rxe4 Rxe4 32. Qg2 Rxc2+ 0-1

[Event "XIV MIEDZYNARODOWY FESTIWAL SZACHOWY PER"]
[Site "LAZY"]
[Date "2018.06.25"]
[Round "2.12"]
[White "Krainski, Aleksander"]
[Black "Hertlein, Irena"]
[Result "1-0"]
[WhiteElo "2203"]
[BlackElo "1531"]
[PlyCount "75"]
[EventDate "2018.??.??"]

1. e4 c5 2. Nf3 Nc6 3. d4 cxd4 4. Nxd4 g6 5. Nc3 Bg7 6. Be3 Nf6 7. Nb3 O-O 8.
Be2 a5 9. a4 Nb4 10. O-O d5 11. e5 Ne4 12. f3 Nxc3 13. bxc3 Nc6 14. f4 g5 15.
Bd3 g4 16. Nd4 Nxd4 17. Bxd4 Qc7 18. Qe2 f5 19. exf6 exf6 20. f5 h5 21. c4 dxc4
22. Bxc4+ Kh8 23. Bb3 Bh6 24. Qf2 Qg7 25. Rad1 Bg5 26. Bd5 Bd7 27. Bxb7 Rab8
28. Bd5 Bxa4 29. Ra1 Rfd8 30. c4 Be8 31. Rxa5 Rd7 32. Ra6 Bf7 33. Be6 Bxe6 34.
fxe6 Rc7 35. c5 Rf8 36. Rd6 Qe7 37. Qf5 Qh7 38. Qxg5 1-0

[Event "XIV MIEDZYNARODOWY FESTIWAL SZACHOWY PER"]
[Site "LAZY"]
[Date "2018.06.25"]
[Round "2.13"]
[White "Siembab, Bartosz"]
[Black "Oborski, Artur"]
[Result "0-1"]
[WhiteElo "2136"]
[BlackElo "1801"]
[PlyCount "64"]
[EventDate "2018.??.??"]

1. d4 Nf6 2. Nf3 g6 3. c4 Bg7 4. Nc3 d5 5. cxd5 Nxd5 6. e4 Nxc3 7. bxc3 O-O 8.
Be2 c5 9. O-O cxd4 10. cxd4 Nc6 11. Be3 Bg4 12. e5 Qd7 13. Qd2 Rfd8 14. Rad1 a6
15. h3 Be6 16. Bh6 Bd5 17. Bxg7 Kxg7 18. Nh2 Be6 19. Nf3 Qd5 20. a3 Rd7 21. Qf4
Rad8 22. Rd2 h6 23. h4 Bf5 24. h5 Qe4 25. Qe3 Nxd4 26. Nxd4 Rxd4 27. Rxd4 Rxd4
28. Qxe4 Bxe4 29. hxg6 Kxg6 30. Rc1 Bc6 31. Bf3 Bxf3 32. gxf3 e6 0-1

[Event "XIV MIEDZYNARODOWY FESTIWAL SZACHOWY PER"]
[Site "LAZY"]
[Date "2018.06.25"]
[Round "2.14"]
[White "Topola, Rafal"]
[Black "Hrymowicz, Artur"]
[Result "0-1"]
[WhiteElo "1570"]
[BlackElo "2123"]
[PlyCount "70"]
[EventDate "2018.??.??"]

1. e4 c5 2. Nf3 d6 3. d4 cxd4 4. Nxd4 Nf6 5. Nc3 a6 6. Be3 e6 7. f4 b5 8. Qf3
Bb7 9. Bd3 Nbd7 10. g4 b4 11. Nce2 Nc5 12. Ng3 Rc8 13. g5 Nfd7 14. O-O Be7 15.
a3 bxa3 16. Rxa3 O-O 17. h4 Qb6 18. Nb3 d5 19. Qe2 Qc7 20. Nxc5 Nxc5 21. Rc3
Qd7 22. Bxc5 Bxc5+ 23. Kh2 a5 24. exd5 Bxd5 25. Ne4 Bxe4 26. Bxe4 g6 27. Qd3
Qa7 28. Qf3 a4 29. Ra1 Qd7 30. Rc4 Bg1+ 31. Kxg1 Rxc4 32. Rd1 Rd4 33. Ra1 Rd8
34. Bd3 Qd6 35. Rf1 Qb6 0-1

[Event "XIV MIEDZYNARODOWY FESTIWAL SZACHOWY PER"]
[Site "LAZY"]
[Date "2018.06.25"]
[Round "2.15"]
[White "Zelak, Wladyslaw"]
[Black "Grzesik, Gracjan"]
[Result "1/2-1/2"]
[WhiteElo "1779"]
[BlackElo "1884"]
[PlyCount "56"]
[EventDate "2018.??.??"]

1. e4 c5 2. Nf3 d6 3. d4 cxd4 4. Nxd4 Nf6 5. Nc3 a6 6. h3 e5 7. Nde2 b5 8. Bg5
Nbd7 9. Nd5 Bb7 10. Ng3 h6 11. Bxf6 Nxf6 12. Nxf6+ Qxf6 13. a4 b4 14. Bc4 g6
15. a5 Qd8 16. O-O Be7 17. f4 exf4 18. Rxf4 O-O 19. Qf3 d5 20. Bxd5 Bxd5 21.
exd5 Qc7 22. Ne4 Kg7 23. c4 Qxc4 24. d6 Bxd6 25. Nxd6 Qc5+ 26. Kh1 Qxd6 27. Rd1
Qe7 28. Re4 Qb7 1/2-1/2

[Event "XIV MIEDZYNARODOWY FESTIWAL SZACHOWY PER"]
[Site "LAZY"]
[Date "2018.06.25"]
[Round "2.16"]
[White "Wacior, Maciej"]
[Black "Trybus, Daniel"]
[Result "1-0"]
[WhiteElo "2110"]
[BlackElo "1793"]
[PlyCount "61"]
[EventDate "2018.??.??"]

1. d4 Nf6 2. Nf3 g6 3. Bf4 Bg7 4. e3 O-O 5. Bc4 d6 6. h3 Nbd7 7. O-O Qe8 8. Bh2
e5 9. c3 Kh8 10. a4 b6 11. a5 Rb8 12. axb6 axb6 13. Bb5 Qe7 14. Ra7 Bb7 15.
Nbd2 e4 16. Ne1 Nh5 17. Qa4 Rfd8 18. Bc6 b5 19. Qxb5 Ba8 20. Bb7 f5 21. Rxa8
Rxa8 22. Bxa8 Rxa8 23. Qb7 Qd8 24. Nc4 Rb8 25. Qc6 Nb6 26. b4 Nc8 27. Na5 Na7
28. Qa6 Ra8 29. Nc2 Nf6 30. Ra1 Nd5 31. Nc6 1-0

[Event "XIV MIEDZYNARODOWY FESTIWAL SZACHOWY PER"]
[Site "LAZY"]
[Date "2018.06.25"]
[Round "2.17"]
[White "Luczak, Filip"]
[Black "Madej, Marek"]
[Result "1-0"]
[WhiteElo "2044"]
[BlackElo "1786"]
[PlyCount "53"]
[EventDate "2018.??.??"]

1. Nf3 d5 2. g3 Nf6 3. Bg2 c6 4. O-O Bg4 5. d4 Nbd7 6. Nbd2 e6 7. c4 Bd6 8. b3
O-O 9. Bb2 c5 10. cxd5 Nxd5 11. Ne4 Be7 12. dxc5 Nxc5 13. Qd4 Bf6 14. Nxf6+
Qxf6 15. Ne5 Bxe2 16. Rfe1 Rfd8 17. Rxe2 Rac8 18. Qg4 Qh6 19. Rae1 Nf6 20. Qh3
Qg5 21. f4 Qf5 22. Qxf5 exf5 23. Bh3 g6 24. Nxg6 fxg6 25. Bxf6 Ne4 26. Bxd8
Rxd8 27. Bg2 1-0

[Event "XIV MIEDZYNARODOWY FESTIWAL SZACHOWY PER"]
[Site "LAZY"]
[Date "2018.06.25"]
[Round "2.18"]
[White "Luberanski, Jakub"]
[Black "Czarniecka, Aleksandra"]
[Result "0-1"]
[WhiteElo "1762"]
[BlackElo "1983"]
[PlyCount "144"]
[EventDate "2018.??.??"]

1. e4 c5 2. Nf3 d6 3. d4 cxd4 4. Nxd4 Nf6 5. Nc3 a6 6. Be2 e6 7. f4 Be7 8. O-O
O-O 9. Be3 Nc6 10. Kh1 Bd7 11. a4 Qc7 12. Nb3 b6 13. Bf3 Bc8 14. g4 Re8 15. g5
Nd7 16. Bg2 Bb7 17. Qh5 g6 18. Qh4 Bf8 19. Rf3 Bg7 20. Rh3 Nf8 21. Qf2 Nd7 22.
Qh4 Nf8 23. Qf2 Nd7 24. Rf1 Rab8 25. f5 exf5 26. Nd5 Qd8 27. Qh4 h5 28. exf5
Nce5 29. f6 Bf8 30. Nf4 Bxg2+ 31. Kxg2 Ng4 32. Nxh5 Rxe3 33. Ng3 Nh6 34. gxh6
Kh7 35. Nd4 Qc7 36. c3 Rbe8 37. Rf3 Rxf3 38. Nxf3 Qc6 39. Kf2 Ne5 40. Nd4 Nd3+
41. Kg1 Qxa4 42. Nf1 Nxb2 43. Qf2 Nc4 44. Nf3 Ne5 45. Ng5+ Kh8 46. Ne3 d5 47.
h7 Bc5 48. Qg3 Bxe3+ 49. Qxe3 Qg4+ 50. Rg3 Qd7 51. Qxb6 Nc4 52. Qf2 a5 53. h4
a4 54. Rg2 a3 55. Qc5 Ra8 56. Kh2 Nb2 57. Qe3 a2 58. Nf3 Qd6+ 59. Ne5 a1=Q 60.
Rg3 Qa7 61. Qf4 Nc4 62. Qh6 Qxf6 63. Ng4 Qa2+ 64. Rg2 Qd6+ 65. Kh3 Qaa3 66. Rg3
Ne5 67. Ne3 Qe6+ 68. Kh2 Qa2+ 69. Rg2 Nf3+ 70. Kg3 Qa4 71. Kxf3 Qae4+ 72. Kf2
Ra2+ 0-1

[Event "XIV MIEDZYNARODOWY FESTIWAL SZACHOWY PER"]
[Site "LAZY"]
[Date "2018.06.25"]
[Round "2.20"]
[White "Koloczek, Maciej"]
[Black "Hampel, Anna"]
[Result "1-0"]
[WhiteElo "1961"]
[BlackElo "1728"]
[PlyCount "43"]
[EventDate "2018.??.??"]

1. e4 c5 2. Nf3 e6 3. b3 Nf6 4. Nc3 Nc6 5. Bb2 d6 6. g3 Be7 7. Bg2 Nd4 8. Nxd4
cxd4 9. Ne2 e5 10. c3 dxc3 11. Bxc3 Be6 12. O-O Qd7 13. d4 exd4 14. Nxd4 Bh3
15. Re1 O-O 16. Qd2 Bxg2 17. Kxg2 d5 18. Nf5 Rad8 19. Qg5 g6 20. Nxe7+ Qxe7 21.
Bxf6 Qd6 22. e5 1-0

[Event "XIV MIEDZYNARODOWY FESTIWAL SZACHOWY PER"]
[Site "LAZY"]
[Date "2018.06.25"]
[Round "2.21"]
[White "Majocha, Piotr"]
[Black "Wieczorek, Mikolaj"]
[Result "1-0"]
[WhiteElo "1902"]
[BlackElo "1726"]
[PlyCount "155"]
[EventDate "2018.??.??"]

1. d4 Nf6 2. Nf3 g6 3. g3 Bg7 4. Bg2 O-O 5. O-O c5 6. c4 d6 7. Nc3 Nbd7 8. b3
a6 9. Bb2 Rb8 10. e4 cxd4 11. Nxd4 Nc5 12. Re1 Qc7 13. Qd2 Ng4 14. Nf3 e6 15.
h3 Ne5 16. Nxe5 Bxe5 17. Rad1 Qb6 18. Kh2 Bd7 19. f4 Bg7 20. Qxd6 Bc6 21. Qd2
Rbd8 22. Qc2 Rxd1 23. Rxd1 Rd8 24. Rxd8+ Qxd8 25. e5 Bxg2 26. Kxg2 Bf8 27. Ne2
Nd3 28. Bc3 Bc5 29. Qd2 Qd7 30. Nd4 Bxd4 31. Qxd3 Qc6+ 32. Kh2 Bxc3 33. Qxc3
Qe4 34. Qd2 Kg7 35. h4 Qc6 36. Qc2 Qc5 37. Kg2 a5 38. Qe4 b6 39. Qc2 Qd4 40.
Qf2 Qd8 41. Kf1 Qc7 42. Ke1 h5 43. Kd2 a4 44. Kc3 Qa7 45. b4 Qc7 46. a3 Qc6 47.
b5 Qc7 48. Qf3 Qc5 49. Kb2 Qxc4 50. Qc6 Qb3+ 51. Kc1 Qxa3+ 52. Kd1 Qa1+ 53. Kc2
Qa2+ 54. Kc1 a3 55. Qc3 Qb2+ 56. Qxb2 axb2+ 57. Kxb2 g5 58. hxg5 Kg6 59. Kc3
Kf5 60. Kd4 Kg4 61. Ke4 Kxg3 62. f5 exf5+ 63. Kxf5 h4 64. e6 fxe6+ 65. Kxe6 h3
66. g6 h2 67. g7 h1=Q 68. g8=Q+ Kf2 69. Qf7+ Ke3 70. Kd6 Qh2+ 71. Kc6 Qh6+ 72.
Kb7 Kd4 73. Qd7+ Ke5 74. Qc7+ Kf5 75. Qxb6 Qg7+ 76. Qc7 Qg2+ 77. Kb8 Qg8+ 78.
Qc8+ 1-0

[Event "XIV MIEDZYNARODOWY FESTIWAL SZACHOWY PER"]
[Site "LAZY"]
[Date "2018.06.25"]
[Round "2.22"]
[White "Podgorski, Maciej"]
[Black "Dytman, Radoslaw"]
[Result "0-1"]
[WhiteElo "1852"]
[BlackElo "1722"]
[PlyCount "72"]
[EventDate "2018.??.??"]

1. e4 c5 2. d3 Nc6 3. Nd2 e6 4. Ngf3 g6 5. g3 Bg7 6. Bg2 Nge7 7. O-O O-O 8. Re1
d5 9. e5 b6 10. Nf1 d4 11. h4 Bb7 12. N1h2 Rc8 13. Bg5 h6 14. Bd2 Nf5 15. Ng4
b5 16. Bf4 Nce7 17. Nxd4 Bxg2 18. Nxf5 exf5 19. Nf6+ Bxf6 20. exf6 Nd5 21. Bxh6
Bh3 22. Kh2 Bg4 23. f3 Bh5 24. Bxf8 Qxf8 25. Qe2 Nxf6 26. a4 Re8 27. Qf2 Rxe1
28. Rxe1 bxa4 29. Re5 Bxf3 30. Qxf3 Ng4+ 31. Kg2 Nxe5 32. Qe3 Qa8+ 33. Kg1 Qd5
34. Qe2 Ng4 35. c3 Qe5 36. Qxe5 Nxe5 0-1

[Event "XIV MIEDZYNARODOWY FESTIWAL SZACHOWY PER"]
[Site "LAZY"]
[Date "2018.06.25"]
[Round "2.23"]
[White "Majewski, Krzysztof"]
[Black "Karwacki, Piotr"]
[Result "1-0"]
[WhiteElo "1695"]
[BlackElo "1828"]
[PlyCount "55"]
[EventDate "2018.??.??"]

1. e4 c5 2. c4 e6 3. Nc3 Nc6 4. g3 Nf6 5. Bg2 d5 6. exd5 exd5 7. Nxd5 Nxd5 8.
cxd5 Nb4 9. d3 Bf5 10. Be4 Bxe4 11. dxe4 Qa5 12. Kf1 Bd6 13. Kg2 O-O 14. Bd2
Qb5 15. Bc3 Rae8 16. Qg4 Be5 17. Bxe5 Rxe5 18. Nf3 f5 19. Qh5 g6 20. Qh6 Rxe4
21. Ng5 Re7 22. Rhe1 Qd7 23. Rxe7 Qxe7 24. Re1 Qd7 25. d6 Rf7 26. Nxf7 Qxf7 27.
Re7 Qd5+ 28. Kh3 1-0

[Event "XIV MIEDZYNARODOWY FESTIWAL SZACHOWY PER"]
[Site "LAZY"]
[Date "2018.06.25"]
[Round "2.24"]
[White "Pluta, Natalia"]
[Black "Szydelko, Michal"]
[Result "0-1"]
[WhiteElo "1826"]
[BlackElo "1713"]
[PlyCount "86"]
[EventDate "2018.??.??"]

1. c4 Nf6 2. g3 g6 3. Bg2 Bg7 4. Nc3 O-O 5. e3 c6 6. Nge2 d5 7. cxd5 cxd5 8.
O-O e6 9. d3 Nc6 10. Bd2 b6 11. Rc1 Bb7 12. Nb5 Rc8 13. Ned4 Nxd4 14. Nxd4 Ba6
15. Bb4 Re8 16. Qb3 Qd7 17. Qa3 Bb5 18. Rfd1 Ng4 19. Nxb5 Qxb5 20. h3 Ne5 21.
Bf1 Nc6 22. Bc3 d4 23. exd4 Bf8 24. Qb3 Qxb3 25. axb3 Bg7 26. Ra1 a5 27. d5
exd5 28. Bg2 d4 29. Bd2 Ne5 30. b4 Nxd3 31. bxa5 bxa5 32. b3 Nc5 33. Bd5 Rb8
34. Rdb1 Re2 35. Bf4 Rd8 36. Bf3 Rc2 37. Rxa5 d3 38. b4 Ne6 39. Be3 d2 40. b5
Bd4 41. Bd1 Rc1 42. Rxc1 dxc1=Q 43. Bxc1 Bc3 0-1

[Event "XIV MIEDZYNARODOWY FESTIWAL SZACHOWY PER"]
[Site "LAZY"]
[Date "2018.06.25"]
[Round "2.25"]
[White "Kurcaba, Lukasz"]
[Black "Zarebska, Lena"]
[Result "1/2-1/2"]
[WhiteElo "1619"]
[BlackElo "1817"]
[PlyCount "47"]
[EventDate "2018.??.??"]

1. e4 c5 2. Nf3 Nc6 3. d4 cxd4 4. Nxd4 g6 5. c4 Nf6 6. Nc3 Nxd4 7. Qxd4 d6 8.
Be2 Bg7 9. Be3 O-O 10. Qd2 Be6 11. O-O Qa5 12. f3 Rfc8 13. b3 a6 14. Rac1 b5
15. Nd5 Qxd2 16. Bxd2 Nxd5 17. cxd5 Bd4+ 18. Kh1 Bd7 19. g4 Bb2 20. Rxc8+ Rxc8
21. Bd3 Kg7 22. Kg2 Bd4 23. Rc1 Rxc1 24. Bxc1 1/2-1/2

[Event "XIV MIEDZYNARODOWY FESTIWAL SZACHOWY PER"]
[Site "LAZY"]
[Date "2018.06.25"]
[Round "2.26"]
[White "Buchta, Agnieszka"]
[Black "Wasala, Wiktoria"]
[Result "1-0"]
[WhiteElo "1810"]
[BlackElo "1521"]
[PlyCount "45"]
[EventDate "2018.??.??"]

1. e4 Nf6 2. e5 Nd5 3. c4 Nb6 4. c5 Nd5 5. Bc4 e6 6. d4 Be7 7. Nc3 Nxc3 8. bxc3
d6 9. cxd6 cxd6 10. Nf3 Nc6 11. exd6 Bxd6 12. O-O O-O 13. Re1 Re8 14. Bd3 b6
15. Bxh7+ Kxh7 16. Ng5+ Kg8 17. Qh5 Qf6 18. Qh7+ Kf8 19. Qe4 Ke7 20. Qxc6 Bd7
21. Qe4 Rac8 22. Nh7 Qg6 23. Bg5+ 1-0

[Event "XIV MIEDZYNARODOWY FESTIWAL SZACHOWY PER"]
[Site "LAZY"]
[Date "2018.06.25"]
[Round "2.27"]
[White "Syrkiewicz, Michal"]
[Black "Wojtas, Julia"]
[Result "1-0"]
[WhiteElo "1799"]
[BlackElo "1483"]
[PlyCount "83"]
[EventDate "2018.??.??"]

1. e4 c5 2. Nf3 d6 3. d4 cxd4 4. Nxd4 Nf6 5. Nc3 a6 6. Bc4 e6 7. O-O b5 8. Bd3
Be7 9. f4 O-O 10. Qf3 Bb7 11. Be3 Nbd7 12. a3 Rc8 13. Qh3 Nc5 14. Rae1 Nxd3 15.
cxd3 d5 16. e5 Nd7 17. Nb3 Bxa3 18. Nxb5 axb5 19. bxa3 Rc3 20. Nd4 Rxa3 21.
Nxb5 Rxd3 22. Rd1 Rxd1 23. Rxd1 Ba6 24. Nd6 Qa5 25. Bd4 Rb8 26. Qe3 Bc4 27. Ra1
Qb4 28. h3 h6 29. Ra7 Bb5 30. Kh2 Ba4 31. Bc3 Qb3 32. Qd4 Bb5 33. Ba5 Ba4 34.
Bd2 Bb5 35. Qf2 Qb2 36. Qe1 d4 37. Bc1 Qb3 38. Qd2 Qd5 39. Qa5 d3 40. Nxb5 Rxb5
41. Qd8+ Nf8 42. Qe7 1-0

[Event "XIV MIEDZYNARODOWY FESTIWAL SZACHOWY PER"]
[Site "LAZY"]
[Date "2018.06.26"]
[Round "3.1"]
[White "Majek, Kacper"]
[Black "Karpus, Michal"]
[Result "0-1"]
[WhiteElo "2034"]
[BlackElo "2364"]
[PlyCount "68"]
[EventDate "2018.??.??"]

1. Nf3 d5 2. g3 g6 3. Bg2 Bg7 4. O-O e5 5. d3 Ne7 6. Nbd2 O-O 7. e4 Nbc6 8. c3
a5 9. a4 Re8 10. Re1 h6 11. Nf1 Be6 12. Bd2 Qd7 13. Qc2 Rad8 14. Ne3 f5 15.
exd5 Nxd5 16. Nc4 Bf7 17. Rad1 Nb6 18. Nxb6 cxb6 19. Be3 Qc7 20. Bc1 Nb4 21.
Qe2 Na6 22. Nh4 Nc5 23. Be3 Nxa4 24. f4 exf4 25. gxf4 b5 26. Qf2 b4 27. cxb4
Nxb2 28. Bb6 Nxd1 29. Rxd1 Qxb6 30. Qxb6 Bd4+ 31. Qxd4 Rxd4 32. bxa5 Rxf4 33.
Nf3 Bd5 34. Kf2 Ra4 0-1

[Event "XIV MIEDZYNARODOWY FESTIWAL SZACHOWY PER"]
[Site "LAZY"]
[Date "2018.06.26"]
[Round "3.2"]
[White "Wisniewski, Michal"]
[Black "Kot, Jerzy"]
[Result "1-0"]
[WhiteElo "2204"]
[BlackElo "2028"]
[PlyCount "77"]
[EventDate "2018.??.??"]

1. e4 c5 2. Nf3 g6 3. d4 Bg7 4. dxc5 Qa5+ 5. Nc3 Nf6 6. Bd3 Qxc5 7. O-O O-O 8.
Be3 Qa5 9. a3 d5 10. b4 Qd8 11. exd5 Nxd5 12. Nxd5 Qxd5 13. c4 Qd6 14. Rc1 Nc6
15. b5 Ne5 16. Nxe5 Bxe5 17. c5 Qc7 18. h3 Be6 19. Be4 Rfd8 20. Qf3 f5 21. Bxb7
Rab8 22. Bc6 Bf7 23. b6 axb6 24. cxb6 Rxb6 25. Bxb6 Qxb6 26. Rfd1 Bd6 27. Bd5
Qa5 28. Bxf7+ Kxf7 29. Qb3+ Kg7 30. a4 Rb8 31. Qc3+ Qxc3 32. Rxc3 Rb4 33. Ra3
Rb2 34. Raa1 Bc5 35. Rf1 Kf6 36. a5 h5 37. a6 Ba7 38. Kh1 f4 39. f3 1-0

[Event "XIV MIEDZYNARODOWY FESTIWAL SZACHOWY PER"]
[Site "LAZY"]
[Date "2018.06.26"]
[Round "3.3"]
[White "Hilarecki, Grzegorz"]
[Black "Klepek, Witold"]
[Result "0-1"]
[WhiteElo "2023"]
[BlackElo "2132"]
[PlyCount "52"]
[EventDate "2018.??.??"]

1. d4 Nf6 2. Nf3 g6 3. Bf4 Bg7 4. e3 d6 5. h3 O-O 6. Be2 b6 7. O-O Bb7 8. a4 a5
9. Bh2 Nfd7 10. Re1 Nc6 11. Na3 e5 12. Nb5 Rc8 13. c4 Qe7 14. Rc1 Kh8 15. Bf1
f5 16. Re2 g5 17. Nd2 Qf6 18. Nb3 f4 19. c5 exd4 20. cxd6 f3 21. Rec2 Nb4 22.
dxc7 Nxc2 23. Qxc2 fxg2 24. Bxg2 Bxg2 25. Kxg2 Qf3+ 26. Kg1 dxe3 0-1